Bienvenue au Catalogue en Ligne des Bibliothèques de l'Universite du Burundi

Normal view MARC view

Entry Genre/Form Term

Number of records used in: 1

001 - CONTROL NUMBER

  • control field: 94059

003 - CONTROL NUMBER IDENTIFIER

  • control field: BI-BuBU

005 - DATE AND TIME OF LATEST TRANSACTION

  • control field: 20140710084238.0

008 - FIXED-LENGTH DATA ELEMENTS

  • fixed length control field: 140710|||a|||||| | ||| d

040 ## - CATALOGING SOURCE

  • Original cataloging agency: BI-BuBU
  • Transcribing agency: BI-BuBU

155 ## - HEADING--GENRE/FORM TERM

  • Genre/form term: Mémoire

670 ## - SOURCE DATA FOUND

  • Source citation: Work cat.: (BI-BuBU)18416: aut Miburo, Jean-Baptiste 94058, Contribution à l'étude de l'impact de la pollution des eaux de la rivière Kamenge sur celle de la rivière Ntahangwa, 2009

670 ## - SOURCE DATA FOUND

  • Source citation: Work cat.: (BI-BuBU)18416: aut Miburo, Jean-Baptiste 94058, Contribution à l'étude de l'impact de la pollution des eaux de la rivière Kamenge sur celle de la rivière Ntahangwa, 2009
© 2019-2026 - Bibliothèques de l'Université du Burundi |Tous droits réservés
home | Pour toute information urgente Contactez nous | tel whatsupp: +25779204313